Time-resolved laser spectroscopy in biochemistry. Vol. III : proceedings, Los Angeles, California, 20 - 22 January 1992 /
Gespeichert in:
| 1. Verfasser: | |
|---|---|
| Format: | Buch |
| Sprache: | Englisch |
| Veröffentlicht: |
Bellingham :
Society of Photo-Optical Instrument Engineers,
1992
|
| Ausgabe: | [1st ed.] |
| Schriftenreihe: | SPIE : Proceedings series
Vol. 1640 |
| Schlagworte: | |
| ISBN: | 0819407860 |
| Online-Zugang: |
|
| Tags: |
Tag hinzufügen
Keine Tags, Fügen Sie den ersten Tag hinzu!
|
MARC
| LEADER | 00000nam a2200000 4500 | ||
|---|---|---|---|
| 003 | SK-BrCVT | ||
| 005 | 20220617165144.0 | ||
| 008 | 930720s1992 xxu e ||||||eng d | ||
| 020 | |a 0819407860 | ||
| 035 | |a CVTIDW0912578 | ||
| 040 | |b slo |a CVTI SR | ||
| 041 | 0 | |a eng | |
| 044 | |a xxu | ||
| 080 | |a 577.1:543.42.061:621.375.826 |2 UDC-MRF | ||
| 100 | 1 | |a Lakowicz, Joseph R. | |
| 242 | 1 | 0 | |a Laserová spektroskopia s časovým rozlišovaním a jej aplikácie v biochémii. Zv. III |
| 245 | 1 | 0 | |a Time-resolved laser spectroscopy in biochemistry. Vol. III : |b proceedings, Los Angeles, California, 20 - 22 January 1992 / |c authors: Joseph R. Lakowicz ... [et al.] |
| 250 | |a [1st ed.] | ||
| 260 | |a Bellingham : |b Society of Photo-Optical Instrument Engineers, |c 1992 | ||
| 300 | |a XIV, 807 s. : |b fotogr., grafy, lit., obr., tab. ; | ||
| 490 | 0 | |a SPIE : Proceedings series |v Vol. 1640 | |
| 653 | 1 | |a modelový chromofór |a fluorescencia |a proteín |a DNA |a nukleová kyselina |a membrána |a biomolekula | |
| 655 | 4 | |a zborníky | |
| 760 | 1 | |t SPIE |g Vol. 1640 | |
| 910 | |b A538011 | ||
| 919 | |a 0-8194-0786-0 | ||
| 974 | |f Knihy | ||
| 992 | |a AZN | ||
| 999 | |c 71301 |d 71301 | ||

